| 000 | 00558nam a2200205Ia 4500 | ||
|---|---|---|---|
| 008 | 180523s9999 xx 000 0 und d | ||
| 020 | _a81-7446-206-6 | ||
| 050 | _aMAIN HF 5549.5 | ||
| 050 | _b.R3T47 2003 v.1 | ||
| 245 | 0 | _a360 degree feedback and performance management system / | |
| 245 | 0 | _cedited by T.V. Rao, Raju Rao. | |
| 250 | _a2nd Edition | ||
| 260 | _aNew Delhi : | ||
| 260 | _bExcel Books., | ||
| 260 | _c2003 | ||
| 300 | _a305 pages : | ||
| 300 | _c22 cm. | ||
| 650 | _aEmployees -- Rating of. | ||
| 650 | _xPerformance standards. | ||
| 999 |
_c357177 _d357177 |
||